| 000 | 00652nam a2200217 i 4500 | ||
|---|---|---|---|
| 001 | 124606 | ||
| 003 | ES-MaACL | ||
| 005 | 20250813062633.0 | ||
| 007 | t| | ||
| 008 | 070409s1945 sp ag |||| | spa d | ||
| 080 | _a782(46) | ||
| 100 | 1 |
_aSubirá, José, _d1882-1980 _9108686 |
|
| 245 | 1 | 0 |
_aHistoria de la música teatral en España / _cJosé Subirá. |
| 260 |
_aBarcelona : _bLabor, _c[1945] |
||
| 300 |
_a214 p., lám. : _bil., música ; _c17 cm. |
||
| 490 | 1 |
_aColección Labor ; _v429 |
|
| 650 | 4 |
_aMúsica escénica- _zEspaña. _9162651 |
|
| 830 | 0 | 0 |
_aColección Labor _v429 _9184254 |
| 852 |
_aES-MaACL _jE-2885 |
||
| 999 |
_c124606 _d124606 |
||